[Event "Gibraltar Masters 11th"]
[Site "Caleta"]
[Date "2013.01.26"]
[Round "5"]
[White "Boesch, Heinz"]
[Black "Berggren, Klas"]
[Result "1-0"]
[WhiteElo "1904"]
[BlackElo "1523"]
[PlyCount "55"]
[EventDate "2013.01.22"]
[EventType "swiss"]
[EventRounds "10"]
[EventCountry "GGB"]
[SourceTitle "CBM 153"]
[Source "ChessBase"]
[SourceDate "2013.03.14"]
[SourceVersion "1"]
[SourceVersionDate "2013.03.14"]
[SourceQuality "1"]

1. c4 e6 2. g3 d5 3. Bg2 Nf6 4. Nf3 Be7 5. 0-0 0-0 6. b3 Nbd7 7. Bb2 b6 8. Nc3 Bb7 9. Rc1 c6 10. d4 Rc8 11. e3 Re8 12. Qc2 Bf8 13. e4 dxe4 14. Nxe4 c5 15. Nxf6+ Nxf6 16. Rcd1 cxd4 17. Rxd4 Qe7 18. Rf4 Nd5 19. Rh4 g6 20. Qd2 Nf6 21. Qg5 Bg7 22. Qc1 Red8 23. Qa1 Rd7 24. Ne5 Rdc7 25. Ng4 Nh5 26. Bxg7 Nxg7 27. Nf6+ Kf8 28. Rxh7 1-0

[Event "Gibraltar Masters 11th"]
[Site "Caleta"]
[Date "2013.01.25"]
[Round "4"]
[White "Berggren, Klas"]
[Black "Diaz Montenegro, Ignacio"]
[Result "0-1"]
[WhiteElo "1523"]
[BlackElo "1987"]
[PlyCount "66"]
[EventDate "2013.01.22"]
[EventType "swiss"]
[EventRounds "10"]
[EventCountry "GGB"]
[SourceTitle "CBM 153"]
[Source "ChessBase"]
[SourceDate "2013.03.14"]
[SourceVersion "1"]
[SourceVersionDate "2013.03.14"]
[SourceQuality "1"]

1. e4 c5 2. Nf3 d6 3. d4 cxd4 4. Nxd4 a6 5. Nc3 Nf6 6. Be2 e6 7. Be3 Be7 8. Qd2 b5 9. a3 Bb7 10. f3 Nc6 11. 0-0 0-0 12. Rac1 Qc7 13. Rfd1 Rfd8 14. Qe1 d5 15. exd5 Nxd5 16. Nxd5 Rxd5 17. Nxc6 Bxc6 18. Rd3 Rad8 19. Rcd1 Qe5 20. c3 Rxd3 21. Bxd3 h6 22. Qf2 Bd5 23. f4 Qh5 24. Be2 Qg6 25. Bf3 Bxf3 26. Rxd8+ Bxd8 27. Qxf3 Qb1+ 28. Kf2 Qxb2+ 29. Kg3 Qxc3 30. Qe4 Bb6 31. Qa8+ Kh7 32. Qe4+ g6 33. Kf3 Qxa3 0-1

[Event "Gibraltar Masters 11th"]
[Site "Caleta"]
[Date "2013.01.22"]
[Round "1"]
[White "Dolzhikova, Olga"]
[Black "Berggren, Klas"]
[Result "1-0"]
[WhiteElo "2239"]
[BlackElo "1523"]
[PlyCount "29"]
[EventDate "2013.01.22"]
[EventType "swiss"]
[EventRounds "10"]
[EventCountry "GGB"]
[SourceTitle "CBM 153"]
[Source "ChessBase"]
[SourceDate "2013.03.14"]
[SourceVersion "1"]
[SourceVersionDate "2013.03.14"]
[SourceQuality "1"]

1. e4 e5 2. d4 exd4 3. Qxd4 Nc6 4. Qe3 d6 5. Nc3 Nf6 6. Bd2 Be7 7. 0-0-0 0-0 8. Bc4 Na5 9. Bd3 Nc6 10. f4 Ng4 11. Qe1 f5 12. exf5 Bxf5 13. Bxf5 Rxf5 14. Qe6+ Kh8 15. Qxf5 1-0

[Event "Rhein Main op-B 14th"]
[Site "Bad Homburg"]
[Date "2011.06.25"]
[Round "6"]
[White "Heiler, Karl"]
[Black "Berggren, Klas"]
[Result "1-0"]
[WhiteElo "1827"]
[BlackElo "1506"]
[PlyCount "137"]
[EventDate "2011.06.22"]
[EventType "swiss"]
[EventRounds "7"]
[EventCountry "GER"]
[SourceTitle "EXT 2012"]
[Source "ChessBase"]
[SourceDate "2011.11.24"]
[SourceVersion "1"]
[SourceVersionDate "2011.11.24"]
[SourceQuality "1"]

1. e4 e5 2. Nf3 Nc6 3. Bb5 a6 4. Bxc6 dxc6 5. 0-0 Bd6 6. d4 Bg4 7. dxe5 Bxf3 8. Qxf3 Bxe5 9. Rd1 Qf6 10. Qxf6 Nxf6 11. f4 Bd6 12. Nc3 0-0-0 13. Re1 Bc5+ 14. Be3 Bxe3+ 15. Rxe3 Rd2 16. Rc1 Rhd8 17. Nb1 Rd1+ 18. Re1 Rxc1 19. Rxc1 Nxe4 20. Re1 Nd6 21. Nc3 Re8 22. Rxe8+ Nxe8 23. Ne4 h6 24. Kf2 Nd6 25. Nc5 Kd8 26. b3 Ke7 27. Kf3 f5 28. Ke3 Kf6 29. Kf3 g5 30. h3 Nb5 31. Ke3 Nc3 32. fxg5+ hxg5 33. a4 Nd5+ 34. Kf3 Ke5 35. Nxb7 Kd4 36. Na5 Nb4 37. c4 Kc3 38. g3 Nd3 39. Nxc6 Kxb3 40. h4 Ne1+ 41. Kf2 gxh4 42. gxh4 Nd3+ 43. Ke3 Nc5 44. h5 Nd7 45. h6 Nf8 46. Kf4 Kxc4 47. Kxf5 Kd5 48. Nb4+ Kd6 49. Nxa6 c5 50. Kf6 c4 51. Kg7 Ne6+ 52. Kf6 Nf8 53. Nb4 Kc5 54. Nc2 Kb6 55. Ke5 Ka5 56. Kd4 Kxa4 57. Kxc4 Ka5 58. Kc5 Ka6 59. Kc6 Ka7 60. Kc7 Ka6 61. Nb4+ Kb5 62. Nd5 Kc5 63. Nf6 Kd4 64. Kd6 Ke3 65. Ke7 Ng6+ 66. Kf7 Nh8+ 67. Kg7 Kf4 68. Kxh8 Kg5 69. Kg7 1-0

[Event "Rhein Main op-B 14th"]
[Site "Bad Homburg"]
[Date "2011.06.22"]
[Round "1"]
[White "Koestler, Peter"]
[Black "Berggren, Klas"]
[Result "1-0"]
[WhiteElo "1937"]
[BlackElo "1506"]
[PlyCount "29"]
[EventDate "2011.06.22"]
[EventType "swiss"]
[EventRounds "7"]
[EventCountry "GER"]
[SourceTitle "EXT 2012"]
[Source "ChessBase"]
[SourceDate "2011.11.24"]
[SourceVersion "1"]
[SourceVersionDate "2011.11.24"]
[SourceQuality "1"]

1. d4 d5 2. Nf3 Nf6 3. Bf4 e6 4. e3 Be7 5. Nbd2 Nbd7 6. Ne5 c5 7. c3 0-0 8. Bd3 Nxe5 9. dxe5 Nd7 10. Qf3 Qc7 11. Qg3 Re8 12. Nf3 Bf8 13. Bxh7+ Kxh7 14. Qh4+ Kg8 15. Ng5 1-0